[Event "UKR-ch Women 2020"]
[Site "Kherson"]
[Date "2020.12.09"]
[Round "4.9"]
[White "Dubovyk, Anastasiia"]
[Black "Yeshchenko, Uliana"]
[Result "1-0"]
[WhiteElo "1971"]
[BlackElo "1872"]
[Annotator "TA"]
[PlyCount "27"]
[EventDate "2020.12.06"]
[EventType "swiss"]
[EventCountry "UKR"]
[SourceTitle "playchess.com"]
[Source "ChessBase"]
[SourceQuality "1"]

{[%evp 15,27,20,25,8,0,-2,29,23,470,462,451,459,510,497]} 1. e4 e6 2. d4 d5 3. e5 c5 4. c3 Qb6 5. Nf3 Bd7 6. a3 Bb5 7. c4 Bxc4 {The main line 7...Bxc4 scores better than 7...dxc4.} 8. Bxc4 dxc4 9. Nbd2 {[%cal Bb1d2,Bd2e4,Be4c5][%mdl 32] C02: French: Advance Variation.} Qa6 {is the legacy move (9...cxd4).} 10. dxc5 {[#]} Bxc5 $146 ({Predecessor:} 10... Nd7 11. Qc2 c3 12. Qxc3 Nxc5 13. Qc4 Nd3+ 14. Kf1 Qxc4 15. Nxc4 Rc8 16. Ke2 Nxf2 17. Kxf2 Rxc4 {½-½ (52) Lyell,M (2197)-Madan,A (2425) Coulsdon 2007}) 11. Ne4 Nd7 $2 {[%mdl 8192] [#]} (11... Ne7 $11) 12. Qxd7+ $1 $18 {[%mdl 576] Remove Defender. White is clearly winning.} Kxd7 13. Nxc5+ Ke7 {aiming for ...Qc6.} 14. Nxa6 {Black did not feel at home in the position after the opening.  Weighted Error Value: White=0.06/Black=1.99} 1-0

[Event "UKR-ch Women 2020"]
[Site "Kherson"]
[Date "2020.12.09"]
[Round "4.10"]
[White "Grineva, Marianna"]
[Black "Mashchenko, Tamila"]
[Result "1-0"]
[WhiteElo "2001"]
[BlackElo "1768"]
[Annotator "NA"]
[PlyCount "85"]
[EventDate "2020.12.06"]
[EventType "swiss"]
[EventCountry "UKR"]
[SourceTitle "playchess.com"]
[Source "ChessBase"]
[SourceQuality "1"]
[TimeControl "40/5400+30:1800+30"]

{[%evp 8,77,20,4,30,0,3,0,0,2,68,68,72,78,71,-23,60,50,80,58,193,193,185,32767,32767,32767,32767,32767,32767,32767,32767,32767,32767,0,32767,32767,148,133,32767,109,202,196,193,207,161,116,118,95,170,121,104,122,114,32767,133,158,32767,137,32767,32767,32767,32767,32767,32767,32767,143,200,221,238,240,247,234]} 1. e4 {[%emt 0:00:00]} c5 {[%emt 0:00:00]} 2. Nf3 {[%emt 0:00:00]} d6 {[%emt 0:00:00]} 3. d4 {[%emt 0:00:00]} cxd4 {[%emt 0:00:00]} 4. Qxd4 {[%emt 0:00:02]} Nc6 {[%emt 0:00:57]} 5. Bb5 {[%emt 0:00:24]} Bd7 {[%emt 0:02:49]} 6. Bxc6 {[%emt 0:00:16]} Bxc6 {[%emt 0:00:24]} 7. Nc3 {[%emt 0:00:53]} Nf6 {[%emt 0:06:35]} 8. Bg5 {[%emt 0:06:33]} h6 {[%emt 0:03:32]} ({Black should play} 8... e6 $11) 9. Bxf6 {[%emt 0:05:14]} gxf6 {[%emt 0:00:11]} 10. O-O {[%emt 0:05:12]} Rg8 {[%emt 0:02:46]} 11. Nh4 {[%emt 0:13:41]} ({White should try} 11. Nd5 $16) 11... Qd7 {[%emt 0:04:20]} ({Black should play} 11... e6 $11) 12. g3 {[%emt 0:06:19]} Qh3 {[%emt 0:09:20]} 13. Nf5 {[%emt 0:03:54]} h5 {[%emt 0:10:56]} (13... Rg5 $16 14. f3 Rxf5 15. exf5 Qxf5) 14. Nd5 {[%emt 0:06:49]} Rd8 {[%emt 0:11:58]} 15. f3 {[%emt 0:10:00]} Bxd5 {[%emt 0:13:34]} 16. Qxd5 {[%emt 0:00:21]} e6 {[%emt 0:00:15]} 17. Qb5+ {[%emt 0:01:15]} Rd7 {[%emt 0:00:01]} 18. Ne3 {[%emt 0:01:07]} Bh6 {[%emt 0:01:10]} 19. Ng2 {[%emt 0:04:25]} a6 {[%emt 0:05:55] [#]} 20. Qc4 {[%emt 0:04:52]} (20. Qd3 $1 $16) 20... Ke7 {[%emt 0:01:49]} 21. Rad1 {[%emt 0:00:54]} e5 {[%emt 0:04:00]} (21... f5 $1 $11 {keeps the balance.} 22. e5 d5) 22. Rd5 {[%emt 0:05:09]} Bf4 {[%emt 0:09:55]} 23. Qe2 {[%emt 0:09:25]} (23. Nxf4 $2 exf4 24. Rd2 fxg3 $19) 23... Bh6 {[%emt 0:01:58]} 24. c4 {[%emt 0:03:49]} f5 {[%emt 0:05:00] [#]} 25. exf5 $1 Qxf5 {[%emt 0:00:01]} 26. f4 {[%emt 0:03:30]} (26. Rfd1 $18) 26... Qg4 {[%emt 0:00:24]} 27. Qxg4 {[%emt 0:05:00]} Rxg4 {[%emt 0:00:11]} (27... hxg4 $16 28. fxe5 Bg7) 28. fxe5 {[%emt 0:01:04]} Rxc4 {[%emt 0:00:41]} 29. exd6+ {[%emt 0:00:44]} Ke6 {[%emt 0:00:37]} 30. Rxh5 {[%emt 0:01:02]} Bd2 {[%emt 0:01:20]} 31. Rhf5 {[%emt 0:00:49]} Rc2 {[%emt 0:01:22]} 32. Rf6+ {[%emt 0:00:53]} Kd5 {[%emt 0:00:28]} 33. Rxf7 {[%emt 0:00:47]} Kxd6 {[%emt 0:00:11]} 34. R1f6+ {[%emt 0:01:06]} Kc7 {[%emt 0:00:13]} 35. Rxd7+ {[%emt 0:00:23]} Kxd7 {[%emt 0:00:04]} 36. Rb6 {[%emt 0:00:16]} Ba5 {[%emt 0:01:34] [#]} 37. Rb3 $1 {[%emt 0:01:26]} ({Don't play} 37. Rxb7+ $6 Kc6 $16) 37... Kc6 {[%emt 0:00:39]} 38. h4 {[%emt 0:00:23]} b5 $18 {[%emt 0:01:02]} 39. Kh2 {[%emt 0:00:34]} Bd2 {[%emt 0:00:32]} 40. h5 {[%emt 0:00:00]} a5 {[%emt 0:00:00]} 41. a4 {[%emt 0:11:01]} b4 {[%emt 0:02:36]} 42. Kh3 {[%emt 0:01:12]} Bc3 {[%emt 0:00:53]} 43. bxc3 {[%emt 0:01:11]} 1-0

[Event "UKR-ch Women 2020"]
[Site "Kherson"]
[Date "2020.12.10"]
[Round "5.1"]
[White "Buksa, Nataliya"]
[Black "Berdnyk, Mariia"]
[Result "1-0"]
[WhiteElo "2410"]
[BlackElo "2324"]
[Annotator "TA"]
[PlyCount "51"]
[EventDate "2020.12.06"]
[EventType "swiss"]
[EventCountry "UKR"]
[SourceTitle "playchess.com"]
[Source "ChessBase"]
[SourceQuality "1"]

{[%evp 11,51,4,12,12,12,11,16,27,25,23,21,17,9,10,12,22,78,70,113,97,388,391,387,399,591,579,1287,1282,7431,4756,2172,718,1534,1465,29988,29989,29992,29992,29993,29994,29994,29995]} 1. e4 e5 2. Nf3 Nc6 3. Bb5 a6 4. Ba4 Nf6 5. Nc3 b5 6. Bb3 Bc5 7. Nd5 {C77: Ruy Lopez: 3...a6 4 Ba4 Nf6, unusual lines.} O-O 8. d3 h6 9. c3 {The position is equal. 9.0-0 is not played anymore.} d6 10. Nxf6+ Qxf6 11. Bd5 Bd7 12. Rg1 h5 $1 13. h3 Rab8 {[#]} (13... Rae8 $11) 14. g4 $1 $16 {[%cal Rg4h5]} hxg4 15. hxg4 {[#]} Qd8 $146 {[%mdl 8192] This costs Black the game.} (15... Rbe8 $16) ({Predecessor:} 15... g6 16. Bg5 Qg7 17. Qd2 Rfe8 18. b4 Bb6 19. Rg3 Ne7 20. Bb3 a5 21. Bh6 Qf6 {1-0 (34) Cornette,M (2587)-Stevanic,D (2304) chess.com INT 2019}) 16. Bg5 $18 Ne7 17. Nh4 Qe8 (17... c6 {is a better defense.}) 18. Bxe7 Qxe7 {[#]} 19. g5 $1 Be6 20. Nf5 Bxf5 21. exf5 (21. Qh5 $142 g6 22. Qh6 Bxf2+ 23. Kxf2 Qd7 24. Rg3 c6 25. Rh1 Qa7+ 26. Re3 Qxe3+ {[%mdl 64] Remove Defender} 27. Kxe3 Bh3 28. Qxg6+ {[%mdl 64] Double Attack} Kh8 29. Rxh3#) 21... g6 22. Qf3 c6 23. f6 {White mates.} Qd7 24. Qh1 Qf5 25. Qh6 {[%csl Gf6][%cal Rh6g7]} Qxf2+ {[#]} 26. Kd1 $1 {[%mdl 512] Weighted Error Value: White=0.03/Black=0.84} 1-0

[Event "UKR-ch Women 2020"]
[Site "Kherson"]
[Date "2020.12.10"]
[Round "5.2"]
[White "Rakhmangulova, Anastasiya"]
[Black "Shpanko, Nadiia"]
[Result "1/2-1/2"]
[WhiteElo "2132"]
[BlackElo "2235"]
[Annotator "TA"]
[PlyCount "104"]
[EventDate "2020.12.06"]
[EventType "swiss"]
[EventCountry "UKR"]
[SourceTitle "playchess.com"]
[Source "ChessBase"]
[SourceQuality "1"]

{[%evp 12,104,3,-12,10,-12,10,20,8,14,0,0,34,47,65,-29,-31,-29,0,0,-8,0,0,0,0,0,0,0,-8,-20,-17,-56,-44,-45,-7,-44,-9,-16,-16,-15,-16,-6,-7,-27,-27,-27,-27,-27,-27,-27,-27,-27,-27,-52,-27,-27,-27,-27,-27,-27,-27,-27,-27,-27,0,0,0,0,0,0,0,0,0,0,0,0,0,0,0,0,0,0,0,0,0,0,0,0,0,0,0,0,0,0,8]} 1. e4 c5 2. Nf3 Nc6 3. d4 cxd4 4. Nxd4 g6 5. Nc3 Bg7 6. Nde2 Nf6 7. g3 d6 {B34: Sicilian: Accelerated Dragon with 5 Nc3: sidelines.} 8. h3 h5 9. Bg2 Bd7 10. Be3 Ne5 11. b3 Qa5 12. Qd2 {[#]} h4 $146 ({Predecessor:} 12... Rc8 13. Nd5 Qxd2+ 14. Kxd2 Nc6 15. c3 e6 16. Nxf6+ Bxf6 17. Rac1 b5 18. f4 a5 {1-0 (52) Chen,K (1915)-Yang,B (1926) Daqing 2018}) 13. Nd5 ({White should try} 13. f4 $14 Nc6 14. g4) 13... Qxd2+ $11 14. Kxd2 {[#] Hoping for Nc7+.} Kd8 (14... Kf8 {looks sharper.} 15. Raf1 hxg3 16. fxg3 b5 17. Nxf6 Bxf6 18. Nf4 Nc6) 15. g4 Nxd5 16. exd5 Nxg4 $1 17. hxg4 {Threatens to win with Bd4.} Bxa1 18. Rxa1 Bxg4 19. Rh1 Kc7 20. f3 (20. Rh2 {keeps more tension.} Rag8 21. Nd4 Bd7 22. f4 f6 23. Bh3) 20... Bd7 21. Bh3 Bxh3 (21... b5 {with more complications.} 22. f4 a6 23. Bf2 Rh5 24. c4 Rb8) 22. Rxh3 Rag8 23. f4 f6 24. Nd4 Rh5 25. c4 g5 26. fxg5 fxg5 27. Ne6+ {[%mdl 64] [#] Discovered Attack} Kd7 {aiming for ...g4.} 28. Bxg5 Rgxg5 29. Nxg5 Rxg5 30. Rxh4 {[%mdl 4096] Endgame KR-KR} Rg2+ 31. Kc3 Rxa2 32. Kb4 a5+ 33. Kb5 Ra3 34. Re4 Rxb3+ 35. Kxa5 Rb1 36. Re2 Ke8 37. Rf2 b6+ 38. Ka4 {The position is equal.} Re1 39. Kb5 Rb1+ 40. Ka4 Kd8 41. Re2 Kd7 42. Re4 Ke8 43. Rf4 e6 44. dxe6 Ke7 45. Re4 Rb2 46. Ka3 Rd2 47. Kb4 d5 48. cxd5 Rxd5 49. Re1 Rd6 50. Kb5 Rxe6 51. Rxe6+ Kxe6 52. Kxb6 Ke5 {Weighted Error Value: White=0.09/Black=0.06} 1/2-1/2

[Event "UKR-ch Women 2020"]
[Site "Kherson"]
[Date "2020.12.10"]
[Round "5.3"]
[White "Doluhanova, Evgeniya"]
[Black "Osmak, Iulija"]
[Result "0-1"]
[WhiteElo "2229"]
[BlackElo "2438"]
[Annotator "RC"]
[PlyCount "80"]
[EventDate "2020.12.06"]
[EventType "swiss"]
[EventCountry "UKR"]
[SourceTitle "playchess.com"]
[Source "ChessBase"]
[SourceQuality "1"]
[TimeControl "40/5400+30:1800+30"]

1. e4 {[%emt 0:00:00]} c5 {[%emt 0:00:00]} 2. Nf3 {[%emt 0:00:12]} d6 {[%emt 0:00:00]} 3. Bb5+ {[%emt 0:06:50]} Nd7 {[%emt 0:00:00]} 4. Ba4 {[%emt 0:01:42]} Ngf6 {[%emt 0:02:04]} 5. c4 {[%emt 0:01:37]} Nxe4 {[%emt 0:09:58]} 6. O-O {[%emt 0:00:44]} e6 {[%emt 0:00:39]} 7. Re1 {[%emt 0:04:02]} Nef6 {[%emt 0:00:29]} 8. d4 {[%emt 0:01:00]} cxd4 {[%emt 0:14:43]} 9. Qxd4 {[%emt 0:22:19]} Be7 {[%emt 0:00:17]} 10. Bf4 {[%emt 0:10:45]} e5 {[%emt 0:09:32]} 11. Nxe5 {[%emt 0:05:03]} dxe5 {[%emt 0:00:26]} 12. Qxe5 {[%emt 0:00:34]} Kf8 {[%emt 0:03:00]} 13. Qe2 {[%emt 0:13:22]} Nc5 {[%emt 0:03:36]} 14. Bc2 {[%emt 0:05:22]} Bg4 {[%emt 0:03:01]} 15. f3 {[%emt 0:00:58]} Ne6 {[%emt 0:10:26]} 16. Be3 {[%emt 0:07:26]} Nd4 {[%emt 0:01:44]} 17. Qf2 {[%emt 0:00:26]} Nxc2 {[%emt 0:00:10]} 18. Qxc2 {[%emt 0:00:05]} Be6 {[%emt 0:01:11]} 19. Nd2 {[%emt 0:01:03]} Qc8 {[%emt 0:06:54]} 20. Kh1 {[%emt 0:14:03]} h5 {[%emt 0:07:46]} 21. h4 {[%emt 0:01:38]} Nd5 {[%emt 0:04:06]} 22. Bf2 {[%emt 0:00:33]} Rh6 {[%emt 0:01:37]} 23. Rac1 {[%emt 0:00:40]} Nb4 {[%emt 0:00:43]} 24. Qb3 {[%emt 0:00:15]} Rg6 {[%emt 0:01:29]} 25. Ne4 {[%emt 0:00:26]} Kg8 {[%emt 0:05:43]} 26. a3 {[%emt 0:00:57]} Nc6 {[%emt 0:00:23]} 27. Qb5 {[%emt 0:00:05]} a6 {[%emt 0:01:57]} 28. Qb6 {[%emt 0:01:08]} Ne5 {[%emt 0:03:19]} 29. Qd4 {[%emt 0:00:28]} Nc6 {[%emt 0:03:07]} 30. Qe3 {[%emt 0:00:13]} Bf5 {[%emt 0:01:01]} 31. b4 {[%emt 0:00:34]} Re6 {[%emt 0:01:18]} 32. b5 {[%emt 0:00:25]} Bxe4 {[%emt 0:00:06]} 33. fxe4 {[%emt 0:00:04]} Ne5 {[%emt 0:00:13]} 34. Qe2 {[%emt 0:00:45]} Ng4 {[%emt 0:00:15]} 35. Bg3 {[%emt 0:00:07]} Bxa3 {[%emt 0:01:13]} 36. Rc2 {[%emt 0:00:21]} Bd6 {[%emt 0:01:30]} 37. Bxd6 {[%emt 0:00:14]} Rxd6 {[%emt 0:00:04]} 38. c5 {[%emt 0:00:06]} Rf6 {[%emt 0:00:30]} 39. Rc3 {[%emt 0:01:47]} axb5 {[%emt 0:00:25]} 40. e5 {[%emt 0:00:00]} Rf2 {[%emt 0:00:00]} 0-1

[Event "UKR-ch Women 2020"]
[Site "Kherson"]
[Date "2020.12.10"]
[Round "5.4"]
[White "Petrova, Irina"]
[Black "Hrebenshchykova, Yelyzaveta"]
[Result "1-0"]
[WhiteElo "2077"]
[BlackElo "2083"]
[Annotator "TA"]
[PlyCount "81"]
[EventDate "2020.12.06"]
[EventType "swiss"]
[EventCountry "UKR"]
[SourceTitle "playchess.com"]
[Source "ChessBase"]
[SourceQuality "1"]

{[%evp 9,81,0,0,0,0,0,0,-4,8,-1,10,9,18,14,10,15,8,3,12,0,0,7,0,-13,-12,-8,0,-7,86,-5,-10,-18,-8,-17,-16,-102,-53,-60,-45,-101,-85,-176,-5,-2,87,87,93,97,110,111,101,107,111,96,121,128,215,210,204,203,286,301,288,35,70,69,360,363,409,397,499,499,29998,29999]} 1. e4 c5 2. Nf3 e6 3. c4 Nc6 4. Nc3 Nd4 5. g3 Ne7 6. Bg2 {B40: Sicilian: 2...e6, Unusual lines.} Nec6 7. O-O Be7 8. d3 {The position is equal.} O-O 9. Rb1 Rb8 {[#]} 10. a3 $146 ({Predecessor:} 10. Bd2 a6 11. Nxd4 cxd4 12. Ne2 b5 13. b3 e5 14. f4 d6 15. f5 Bg5 16. Qc1 Bxd2 17. Qxd2 {0-1 (41) Miezis,N (2486)-Yemelin,V (2545) Finland 2019}) 10... b5 11. cxb5 Nxb5 12. Nxb5 Rxb5 13. d4 d6 14. Be3 e5 15. dxe5 dxe5 16. Qd5 Qc7 17. Rfc1 Be6 18. Qd3 c4 (18... Qb8 $11) 19. Qc2 (19. Rxc4 $16 {Threatens to win with Rc3.} Rd8 20. Qc2 Bxc4 21. Qxc4) 19... Rd8 $11 {Black wants to play ...Nd4.} 20. Bf1 Nd4 21. Bxd4 exd4 22. Bxc4 (22. b3 $1 $11 {remains equal.}) 22... Rc5 23. b3 d3 24. Qc3 (24. Qa2 $15) 24... Bf6 25. e5 {[#]} (25. Qd2 $17) 25... Bxe5 $2 ({Better is} 25... Qb7 $1 $19 {[%cal Rb7f3]} 26. Ne1 (26. exf6 $2 Qxf3 27. Bxe6 Rxc3 $19) 26... d2 27. exf6 dxc1=N 28. Rxc1 Qe4) 26. Nxe5 Rxe5 (26... Qxe5 $11 27. Qxe5 Rxe5) 27. Bxd3 $16 Qd6 28. Bf1 Rd5 29. b4 g6 30. Qc7 Bf5 {White must now prevent ...Qxc7.} 31. Ra1 Qxc7 32. Rxc7 Rd1 (32... R8d7 $16 33. Rxd7 Rxd7) 33. Rxd1 $18 Rxd1 {[%mdl 4096] Endgame [#] KRB-KRB} 34. Kg2 $1 (34. Rxa7 {leads to mate.} Bh3 35. Ra8+ Kg7 36. Rg8+ Kxg8 37. Kh1 Rxf1#) 34... Be4+ (34... a5 {might work better.} 35. bxa5 Be4+ 36. f3 Bd3) 35. f3 Rd2+ 36. Kh3 $2 (36. Kg1 $18 Bxf3 37. Rxa7) 36... Bxf3 37. Bc4 g5 $2 {[%mdl 8192] This move loses the game for Black.} (37... Bg2+ $14 38. Kh4 Rf2) 38. Rxf7 ({Not} 38. Bxf7+ Kh8 $15) 38... g4+ 39. Kh4 Rxh2+ {[#]} 40. Kg5 $1 {[%mdl 512] White threatens Rxf3+ and mate.} Kh8 (40... h6+ $18 41. Kf6 Rf2 42. Rg7+ Kh8) 41. Rf8+ {Weighted Error Value: White=0.29/Black=0.58} 1-0

[Event "UKR-ch Women 2020"]
[Site "Kherson"]
[Date "2020.12.10"]
[Round "5.5"]
[White "Hryzlova, Sofiia"]
[Black "Grigorchuk, Katerina"]
[Result "1-0"]
[WhiteElo "2064"]
[BlackElo "1767"]
[Annotator "TA"]
[PlyCount "61"]
[EventDate "2020.12.06"]
[EventType "swiss"]
[EventCountry "UKR"]
[SourceTitle "playchess.com"]
[Source "ChessBase"]
[SourceQuality "1"]

{[%evp 14,61,27,0,13,-39,44,53,55,54,143,136,124,134,153,148,231,194,272,252,274,251,257,260,302,296,296,288,295,287,282,279,410,404,497,491,490,471,460,467,529,529,1289,960,912,546,566,563,1369,667]} 1. Nf3 Nf6 2. c4 e6 3. g3 Be7 4. Bg2 O-O 5. O-O c5 6. b3 d5 7. Bb2 {7.cxd5 is the modern continuation.} Nc6 8. e3 Rb8 {A14: English Opening: 1...e6 with b3 by White.} 9. Nc3 (9. Ne5 $11) 9... a6 ({Black should try} 9... d4 $15 10. Ne2 e5) 10. cxd5 $14 exd5 {White is slightly better.} 11. d4 b5 {White leaves nothing to chance now.} ({Black should play} 11... Re8 $14) 12. dxc5 $16 Bxc5 13. Rc1 Qd6 {[#]} 14. Ne2 $146 {Black must now prevent Bxf6.} ({Predecessor:} 14. Nxd5 Nxd5 15. e4 Nde7 16. Qc2 Bb6 17. Rfd1 Qh6 18. Ne5 Nxe5 19. Bxe5 Bg4 20. Rd6 {½-½ (51) Rivonenko,V (2090)-Gorodnichin,L (1798) St Petersburg 2015}) 14... Ne4 (14... Bb6 $16 15. Nf4 Bb7) 15. Nd2 Ng5 (15... Ne5 $142 16. Nxe4 dxe4) 16. Nf4 $18 {Hoping for Qh5.} Ne7 17. Qh5 f6 18. h4 g6 19. Qe2 Ne6 {[#]} 20. Nxd5 $1 {[%mdl 512]} Nxd5 21. Ne4 Qe7 {And now ...Ba3 would win.} 22. Nxc5 {[%mdl 64] Discovered Attack} Nxc5 (22... Nb4 {might work better.}) 23. Bxd5+ Kg7 24. Qc2 {White is clearly winning.} Ne6 25. Qe4 Re8 26. Rc6 a5 27. Rfc1 Qb4 28. Qf3 Qf8 29. Bxe6 Bxe6 30. Rc7+ Re7 31. Qxf6+ {Weighted Error Value: White=0.23/Black=0.42} (31. Rxe7+ $142 Qxe7 {[#]} 32. Rc7 $1 {[%mdl 512]}) 1-0

[Event "UKR-ch Women 2020"]
[Site "Kherson"]
[Date "2020.12.10"]
[Round "5.6"]
[White "Zinkevich, Julia"]
[Black "Gaponenko, Inna"]
[Result "1-0"]
[WhiteElo "2178"]
[BlackElo "2390"]
[Annotator "TA"]
[PlyCount "67"]
[EventDate "2020.12.06"]
[EventType "swiss"]
[EventCountry "UKR"]
[SourceTitle "playchess.com"]
[Source "ChessBase"]
[SourceQuality "1"]

{[%evp 9,67,28,25,23,29,29,20,19,20,15,44,44,64,45,36,41,56,32,58,25,77,36,126,76,87,90,126,126,137,135,168,168,272,257,436,452,436,348,603,524,1250,1199,1504,1221,1181,1168,1603,1532,1866,1607,2583,2511,2592,2311,2474,2234,1972,2090,29982,7254]} 1. d4 g6 2. Nf3 Bg7 3. e3 d6 4. Be2 f5 5. O-O Nf6 6. b4 {A40: Unusual replies to 1 d4.} O-O 7. Bb2 e6 8. c4 {The position is equal.} Qe7 9. Qb3 Nc6 10. Nc3 Nd8 {[#]} 11. Rac1 $146 ({Predecessor:} 11. a4 Nf7 12. a5 g5 13. c5 g4 14. cxd6 cxd6 15. Ne1 Ng5 16. Nd3 Kh8 17. Rfc1 {0-1 (29) Epishin,V (2554)-Movsziszian,K (2445) La Laguna 2007}) 11... Nf7 12. c5 $36 {[%mdl 2048] White has good play.} g5 13. Nd2 g4 14. f3 h5 (14... Bd7 $11) 15. Kh1 e5 (15... Bh6 $14) 16. cxd6 cxd6 17. Bc4 Kh7 18. Nd5 Nxd5 19. Bxd5 Nd8 20. dxe5 dxe5 (20... Bxe5 {might work better.} 21. e4 f4) 21. b5 $18 {aiming for Ba3.} Re8 $2 {[#]} (21... Be6 22. Ba3 Bxd5) 22. Ba3 Qh4 23. g3 Qf6 $2 (23... Qg5 24. fxg4 Qxg4) 24. fxg4 Qg6 25. gxf5 Qb6 26. Bc5 Qh6 27. Ne4 Bd7 28. f6 Bf8 29. f7 Re7 30. Bxe7 Bxe7 {[#]} 31. f8=Q $1 Bxf8 32. Nf6+ Kh8 33. Nxd7 {[%mdl 64] Discovered Attack} Bd6 34. Rf6 {Weighted Error Value: White=0.14/Black=0.53} 1-0

[Event "UKR-ch Women 2020"]
[Site "Kherson"]
[Date "2020.12.10"]
[Round "5.7"]
[White "Babiy, Olga"]
[Black "Barchuk, Irina"]
[Result "1-0"]
[WhiteElo "2271"]
[BlackElo "2075"]
[Annotator "TA"]
[PlyCount "91"]
[EventDate "2020.12.06"]
[EventType "swiss"]
[EventCountry "UKR"]
[SourceTitle "playchess.com"]
[Source "ChessBase"]
[SourceQuality "1"]

{[%evp 22,91,71,64,63,63,63,62,71,46,54,46,51,25,25,16,37,-23,102,89,286,291,250,150,239,235,230,231,230,227,257,263,282,284,277,274,263,256,266,199,243,243,243,243,243,243,243,0,132,0,243,243,243,243,320,183,195,0,327,331,328,311,459,404,434,410,939,598,802,796,6195,1047]} 1. e4 c5 2. Nf3 d6 3. d4 cxd4 4. Nxd4 Nf6 5. Nc3 Nc6 6. Bg5 Bd7 7. Qd2 h6 8. Bxf6 gxf6 9. O-O-O Nxd4 10. Qxd4 Qa5 11. Kb1 Rc8 12. f4 Qc5 {B61: Sicilian: Richter-Rauzer: 6...Bd7 7 Qd2.} 13. Qd3 h5 14. Be2 Bg7 {White is slightly better.} 15. f5 h4 16. Qh3 Bc6 17. Qg4 {[#]} Bh6 $146 ({Predecessor:} 17... Kf8 18. a3 a6 19. Rd3 b5 20. Rhd1 Bb7 21. Rh3 b4 22. axb4 Qxb4 23. Nd5 Bxd5 24. exd5 {½-½ (45) Najer,E (2669)-Malakhov,V (2709) Dagomys 2009}) 18. Qxh4 Kd7 {aiming for ...Bd2!} 19. Qh5 ({White should try} 19. Qg4 $14) 19... Bxe4 (19... Bd2 $1 $11 20. Qxf7 Bxc3 21. bxc3 Qxc3) 20. Qxf7 Qxf5 $2 (20... Bxg2 $16 {keeps fighting.} 21. Rhe1 (21. Rhg1 Bc6 $14) 21... Kc7) 21. Nxe4 $18 Qxe4 22. Bb5+ Kd8 {[#]} (22... Kc7 $16) 23. Rxd6+ $1 {[%mdl 512]} Kc7 (23... exd6 24. Qd7#) 24. Rd7+ $1 Kb8 {[#]} 25. Bd3 $1 {[%cal Rd3e4]} Qc6 26. Rxe7 {Be4 is the strong threat.} ({Don't take} 26. Qxe7 $6 Rce8 $18) 26... Rc7 27. Rxc7 Qxc7 28. Qxf6 Bg7 29. Qe6 a6 30. a4 Rh4 {With the idea ...Rb4.} 31. g4 Rh6 32. Qe8+ Ka7 {[#]} 33. Qe3+ $1 Ka8 34. Qe8+ (34. c3 $18) 34... Ka7 $1 $16 {White should prevent ...Rb6.} 35. Qe3+ (35. c3 $16) 35... Ka8 $1 $18 36. Bg6 Qd6 37. Bf5 Qc7 38. Qe8+ (38. c3 $142) 38... Ka7 39. Qe3+ (39. c3 $142) 39... Ka8 $1 {intending ...Rb6.} 40. c3 Rb6 {Threatening ...Bxc3.} 41. Rc1 Rh6 (41... Be5 {is a better defense.} 42. h4 Bf4 43. Qe8+ Ka7) 42. h3 Qa5 43. Rd1 Rh8 (43... Rb6 $142 44. Rd8+ Ka7) 44. Qe7 {White is clearly winning.} Bxc3 45. bxc3 Rxh3 46. Qd8+ {Weighted Error Value: White=0.34/Black=0.25} 1-0